000 01105nam a2200337 i 4500
001 13599
003 KOSZ 005
005 20200630132828.0
008 071210s1967 pl a |000 0 pol
015 _aPB 1967/3954
035 _a(OCoLC)749482453
040 _aWA N
_cWA N
041 1 _apol
_heng
046 _k1967
080 _a514
100 1 _aCundy, Henry Martyn.
_eAutor
245 1 0 _aModele matematyczne /
_cH. M. Cundy, A. P. Rollett ; [tł. Roman Duda].
246 1 _iTYt. oryg. :
_aMathematical models.
260 _aWarszawa :
_bPaństwowe Wydawnictwo Naukowe,
_c1967.
300 _a295, [1] s., [3] k. tabl. :
_bil., err. ;
_c23 cm.
380 _aKsiążki.
388 _a1945-1989
658 _aMatematyka
650 4 _aModele matematyczne
650 4 _aGeometria
700 1 _aRollett, A. P.
_eAutor
700 1 _aDuda, Roman
_d(1935- ).
_eTłumaczenie
710 2 _aPaństwowe Wydawnictwo Naukowe
_4pbl.
856 _uhttp://koha.tu.koszalin.pl/cgi-bin/koha/opac-detail.pl?biblionumber=13599
_yKatalog online BPK
942 _2UKD
_cKS
999 _c13599
_d13599